|
|
|
|
| LEADER |
00000naa0a2200000 4500 |
| 001 |
602283 |
| 005 |
20250909141025.0 |
| 035 |
|
|
|a (RuTPU)RU\TPU\tpu\27835
|
| 035 |
|
|
|a RU\TPU\tpu\26443
|
| 090 |
|
|
|a 602283
|
| 100 |
|
|
|a 20150928d1972 k||y0rusy50 ca
|
| 101 |
0 |
|
|a rus
|
| 102 |
|
|
|a RU
|
| 200 |
1 |
|
|a Анализ индуктивного сопротивления рассеяния лобовых частей обмотки статора ударного генератора
|f Л. О. Оганян, Г. А. Сипайлов, В. З. Хорькова
|
| 333 |
|
|
|a В фонде НТБ ТПУ отсутствует
|
| 461 |
|
1 |
|t Известия Академии наук Армянской ССР. Серия: Технические науки
|
| 463 |
|
1 |
|t Т. 25, № 2
|v С. 40-47
|d 1972
|
| 610 |
1 |
|
|a труды учёных ТПУ
|
| 610 |
1 |
|
|a самовозбуждение
|
| 610 |
1 |
|
|a асинхронные генераторы
|
| 700 |
|
1 |
|a Оганян
|b Л. О.
|
| 701 |
|
1 |
|a Сипайлов
|b Г. А.
|c специалист в области электромеханики
|c профессор Томского политехнического университета
|f 1920-2004
|g Геннадий Антонович
|3 (RuTPU)RU\TPU\pers\12400
|
| 701 |
|
1 |
|a Хорькова
|b В. З.
|
| 801 |
|
1 |
|a RU
|b 63413507
|c 20141224
|
| 801 |
|
2 |
|a RU
|b 63413507
|c 20150928
|g RCR
|
| 942 |
|
|
|c BK
|